000 00448cam a22001814a 4500
005 20250926120229.0
008 250528s ||||||||||||||||||||||||d
020 _a9789606450907
035 _a24852
040 _aGR-AtMCL
_bgre
_dGR-AtMCL
_eAACR2
245 1 _aΣκέψου σε python
260 _bΚλειδάριθμος,
_c2020
300 _a366
700 1 _aAllen B. Downey
_99593
942 _cBK
999 _c9689
_d9689